000 00565nam a2200169Ia 4500
008 090711s9999 xx 000 0 und d
082 _b79919
100 _aभागवत श्री. पु.
245 _aसाहित्याSाी भूमी
260 _bग्रंथाली
_c1997
300 _a254
600 _aभागवत श्री. पु.
630 _aसाहित्याSाी भूमी
700 _aभागवत श्री. पु.
730 _aसाहित्याSाी भूमी
942 _cBOOK
999 _c321179
_d321179